000 00561nam a2200217Ia 4500
008 181129s9999 xx 000 0 und d
020 _a9781472318640
050 _a641.5
050 _bG525 2013
245 0 _aGirl's cookbook :
245 2 _ba selection of recipes that are perfect for girls! /
260 _aManila, Philippines :
260 _bWS Pacific Publications, Inc,
260 _c2013
300 _a64 pages :
300 _bcolor illustrations ;
300 _c25cm.
650 _aAppetizers.
650 _aCooking.
650 _aParties.
999 _c360161
_d360161